<?xml version="1.0" encoding="UTF-8"?>
<record
    xmlns:xsi="http://www.w3.org/2001/XMLSchema-instance"
    xsi:schemaLocation="http://www.loc.gov/MARC21/slim http://www.loc.gov/standards/marcxml/schema/MARC21slim.xsd"
    xmlns="http://www.loc.gov/MARC21/slim">

  <leader>01262nam a2200265 a 4500</leader>
  <controlfield tag="001"> </controlfield>
  <controlfield tag="003">DO-SdBNP</controlfield>
  <controlfield tag="005">20211001141309.0</controlfield>
  <controlfield tag="008">110706s   2005    dr        000 0 spa d</controlfield>
  <datafield tag="020" ind1=" " ind2=" ">
    <subfield code="a">9993423882</subfield>
  </datafield>
  <datafield tag="040" ind1=" " ind2=" ">
    <subfield code="a">DO-SdBNP</subfield>
    <subfield code="b">spa</subfield>
    <subfield code="c">BNPHU</subfield>
  </datafield>
  <datafield tag="049" ind1=" " ind2=" ">
    <subfield code="a"> </subfield>
  </datafield>
  <datafield tag="082" ind1=" " ind2="4">
    <subfield code="a">BNPHU 461.52 </subfield>
    <subfield code="b">Z88m</subfield>
  </datafield>
  <datafield tag="100" ind1="1" ind2=" ">
    <subfield code="a">Zorrilla, Mercedes</subfield>
    <subfield code="9">36378</subfield>
  </datafield>
  <datafield tag="245" ind1="1" ind2="0">
    <subfield code="a">Manual de consultas ortogr&#xE1;ficas /</subfield>
    <subfield code="c">Mercedes Zorrilla.</subfield>
  </datafield>
  <datafield tag="250" ind1=" " ind2=" ">
    <subfield code="a">2a. ed.</subfield>
  </datafield>
  <datafield tag="260" ind1=" " ind2=" ">
    <subfield code="a">Santo Domingo :</subfield>
    <subfield code="b">Amigo del Hogar,</subfield>
    <subfield code="c">2005.</subfield>
  </datafield>
  <datafield tag="300" ind1=" " ind2=" ">
    <subfield code="a">79 p. ;</subfield>
    <subfield code="c">16 cm.</subfield>
  </datafield>
  <datafield tag="505" ind1=" " ind2=" ">
    <subfield code="a">Uso de la letra "b"  -- Uso de la letra "v"  -- Las letras "c", "q", "s", "z". Las terminaciones "cion", "sion", "xion", "ccion", la doble "c" (cc)  -- Las letras "g", y "j" 18 -- La letra "h"  -- Las letras "i", "y", "ll" -- Las letras" r-rr"  -- Usos de la "x"  -- Combinaciones "mn", "nm", "nn"  -- Uso de may&#xFA;sculas  -- Abreviaturas, siglas, acr&#xF3;nimos  -- Hom&#xF3;fonas en una y dos palabras -- Expresiones que se escriben en una o m&#xE1;s palabras 47 -- Los n&#xFA;meros cardinales  -- El acento ortogr&#xE1;fico  -- Signos de puntuaci&#xF3;n.</subfield>
  </datafield>
  <datafield tag="590" ind1=" " ind2=" ">
    <subfield code="a">Inventariado,2020/VM</subfield>
  </datafield>
  <datafield tag="650" ind1="1" ind2="4">
    <subfield code="a">Lengua espa&#xF1;ola  </subfield>
    <subfield code="x">Gram&#xE1;tica </subfield>
    <subfield code="v">Manuales</subfield>
    <subfield code="9">77299</subfield>
  </datafield>
  <datafield tag="650" ind1="1" ind2="4">
    <subfield code="a">Espa&#xF1;ol </subfield>
    <subfield code="x">Ortograf&#xED;a </subfield>
    <subfield code="9">1453</subfield>
  </datafield>
  <datafield tag="910" ind1=" " ind2=" ">
    <subfield code="a">VMateo</subfield>
  </datafield>
  <datafield tag="942" ind1=" " ind2=" ">
    <subfield code="2">ddc</subfield>
    <subfield code="c">LBS1</subfield>
  </datafield>
  <datafield tag="952" ind1=" " ind2=" ">
    <subfield code="0">0</subfield>
    <subfield code="1">0</subfield>
    <subfield code="2">ddc</subfield>
    <subfield code="7">1</subfield>
    <subfield code="8">MO</subfield>
    <subfield code="a">BNPHU</subfield>
    <subfield code="b">PD</subfield>
    <subfield code="d">2020-11-18</subfield>
    <subfield code="e">Jos&#xE9; Espinal </subfield>
    <subfield code="l">0</subfield>
    <subfield code="o">BNPHU PD 461.52  Z88m</subfield>
    <subfield code="p">2020-0524</subfield>
    <subfield code="r">2020-11-18</subfield>
    <subfield code="w">2020-11-18</subfield>
    <subfield code="y">LBS1</subfield>
  </datafield>
  <datafield tag="952" ind1=" " ind2=" ">
    <subfield code="0">0</subfield>
    <subfield code="1">0</subfield>
    <subfield code="2">ddc</subfield>
    <subfield code="7">1</subfield>
    <subfield code="8">MO</subfield>
    <subfield code="a">BNPHU</subfield>
    <subfield code="b">PD</subfield>
    <subfield code="d">2020-11-18</subfield>
    <subfield code="e">Amaury Victoria  </subfield>
    <subfield code="l">0</subfield>
    <subfield code="o">BNPHU PD 461.52 Z88m</subfield>
    <subfield code="p">2020-0525</subfield>
    <subfield code="r">2020-11-18</subfield>
    <subfield code="t">e.2</subfield>
    <subfield code="w">2020-11-18</subfield>
    <subfield code="y">LBS1</subfield>
  </datafield>
  <datafield tag="999" ind1=" " ind2=" ">
    <subfield code="c">49148</subfield>
    <subfield code="d">49148</subfield>
  </datafield>
</record>
